000 00461nam a2200181Ia 4500
001 3937
005 20260306145719.0
008 260306t2000||||xx |||||||||||||| ||spa||
041 _aESP
082 _a305.8
_bF85
100 _aGrimson, Alejandro (Comp.)
_eAUT
245 0 _aFronteras, naciones e identidades:
_bla periferia como centro
260 _c2000
300 _a348 páginas :
_c23 cm.
650 _aGEN
654 _aCHU
942 _cLIB
_dJUS
_fJUS
_2ddc
_n
999 _c3937
_d3937